Bezpečnosť operačného systému Linux

Saved in:
Bibliographic Details
Main Author: Kujan, Jozef, 1987- (Author)
Other Authors: Hudec, Ladislav, 1950- (Thesis advisor)
Format: Manuscript Book
Language:Slovak
Published: Bratislava : STU v Bratislave FIIT, 2011
Subjects:
Online Access:VAIS
Tags: Add Tag
No Tags, Be the first to tag this record!

MARC

LEADER 00000ntm a22000003a 4500
001 stu233599
005 20150617230139.7
008 110823s2011----xo------------------slo-d
040 |a STU  |b slo 
041 0 |a slo 
044 |a xo 
100 1 |a Kujan, Jozef,  |d 1987-  |4 aut  |u I300  |U FIIT Fakulta informatiky a informačných technológií  |T FIIT Ústav aplikovanej informatiky  |X 47991  |U I300  |Y 180  |7 A000047991 
242 0 0 |a Security of operating system Linux  |y eng 
245 1 |a Bezpečnosť operačného systému Linux 
260 |a Bratislava :  |b STU v Bratislave FIIT,  |c 2011 
300 |a 69 s 
650 7 |a Linux  |2 stusub 
650 7 |a počítačové systémy a siete  |2 stusub 
650 7 |a Computer Systems and Networks  |2 estusub 
700 1 |a Hudec, Ladislav,  |d 1950-  |4 ths  |u I300  |U FIIT Fakulta informatiky a informačných technológií  |T FIIT Ústav aplikovanej informatiky  |X 2081  |U I300  |Y 180  |7 2081 
856 4 |a info a plný text  |u http://is.stuba.sk/zp/portal_zp.pl?podrobnosti=46654  |3 VAIS 
996 |b IBAP62/11  |c I*BAP62/11  |l II680  |s P  |a 0  |w stu233599_0001